Регионална библиотека "Любен Каравелов" - Русе

La Turquie et les principautés danubiennes sous le régime des capitulations (Запис номер 390775)

MARC детайли
000 -Лидер
Контролно поле с фиксирана дължина nam a22 a 4500
003 - Код на организацията, давaща контролен номер
Контролно поле BLK
005 - Дата и час на последна редакция
Контролно поле 20210811030709.0
008 - Елементи от данни с фиксирана дължина
fixed length control field 180911b bul|||||r ||||||| ||bul||
010 ## - Наследен системен номер
LC control number 004530
040 ## - Източник на каталожния запис
Идентификатор на билиотеката - собственик на записа BLK
041 ## - Код за език
Код за езика на текст/звукозапис или на отделно заглавие Френски
Код за езика КДБФ Френски
080 ## - УДК
Текстов определител УДК История на Балканските страни като цяло
УДК код - определител по УДК 94(497)
УДК определител 94(497)
100 ## - Редна дума - Автор
Автор Engelhard, Eduard-Philippe
R(LIN) 435709
245 00 - Сведения за заглавието
Заглавие La Turquie et les principautés danubiennes sous le régime des capitulations
Подзаглавни данни Etudes et projet de réforme applicable à la Roumanie et à la Serbie: Extrait de la Revue de droit international et de Legislation comparee, T. XII, 1879, N. V-VI
Редно поле (дума) Eduard-Philippe Engelhard.
257 ## - Страна на издаване
Страна на създаване/издаване Франция
260 ## - Област на издателските данни
Място на издаване, разпространение и проч. Paris
Име на издателя, разпространителя и проч. Cotillon, Libr. du conseil d'etat
Година на издаване 1879
9 (RLIN) 435355
300 ## - Физическа характеристика
Страници 31 c.
Размери/Мащаб 24 см
380 ## - Жанр
Жанр История
490 ## - СЕРИИ (Колекции)
Име на серия Колекция Редки и ценни издания
9 (RLIN) 435080
650 #7 - Допълнително описание по предмет – тема
9 (RLIN) 163782
Основно описание – тема или топоним Националноосвободително движение - балкански страни - история
653 #7 - Ключова дума – ненормативна
9 (RLIN) 193024
Ключова дума Османска империя
655 ## - Ключова дума – жанр/разновидност
Данни за жанр/разновидност или ключова дума за фокус история
852 ## - Местоположение
Форматна сигнатура Рф 879
Фондова буква Редки и ценни
999 ## - СИСТЕМНИ КОНТРОЛНИ НОМЕРА
Koha biblionumber 390775
Koha biblioitemnumber 390775
942 ## - АРТИКУЛИ
Вид на библиотечния материал Книги
Скрит в OPAC Не
Периодичен библиозапис Да
944 ## - СЪЗДАВАНЕ И РЕДАКЦИЯ на ЗАПИСА
Създаване/Редакция Създаване
Дата на регистрацията/редакция 2020-10-28
Служител, извършил регистрацията/редакцията ТД
999 ## - СИСТЕМНИ КОНТРОЛНИ НОМЕРА
Koha biblioitemnumber 390775
999 ## - СИСТЕМНИ КОНТРОЛНИ НОМЕРА
Koha biblioitemnumber 344864
999 ## - СИСТЕМНИ КОНТРОЛНИ НОМЕРА
Koha biblioitemnumber 344864
Наличности
Код за отписване Код за изгубен артикул Източник на класификационната схема Код за повреда Коз за рестрикции Код за отдаване Артикулен № Име на библиотеката - собственик Име на библиотеката, в която се намира в момента Статус (Текущо местоположение) Дата на вписване в системата Местоположение - отдел Цена в лева Инвентарен номер Систематично азбучна сигнатура Баркод Цена в евро Служебен тип на артикула
  Не е изгубен Universal Decimal Classification Не е повреден само за читалня Специални фондове ( старопечатни, редки и ценни, фонд М. Арнаудов) 804353 Регионална библиотека "Любен Каравелов" Русе Регионална библиотека "Любен Каравелов" Русе Редки и ценни 2020-10-30 Редки и ценни 0.06 13948 Рф 879 900000037757 0.03 Книги
Vip Innovations Ltd, Rousse, Bulgaria 2025